000
00487nam a2200181Ia 4500
008
100917s9999 xx 000 0 und d
082
_b
61831
100
_a
पै शिरिष
245
_a
संधिप्रकाश
260
_b
परचुरे प्रकाशन
_c
1968
300
_a
148
365
_b
10
520
_a
कथा
630
_a
संधिप्रकाश
650
_a
कथा
730
_a
संधिप्रकाश
942
_c
BOOK
999
_c
667225
_d
667222